| 000 | 00360nam a22001577a 4500 | ||
|---|---|---|---|
| 003 | SGT | ||
| 020 | _a978-81-317-0505-6 | ||
| 082 |
_a621.3996 _bFOL |
||
| 100 | _aFOLEY,JAMES.D. | ||
| 245 | _aCOMPUTER GRAPHICS :PRINCIPLES AND PRACTICE IN C | ||
| 250 | _a14TH | ||
| 260 |
_aNEW DELHI _bPEARSON _c2013 |
||
| 300 | _a1158 | ||
| 650 | _aCSE | ||
| 942 |
_2ddc _cBK _01 |
||
| 999 |
_c14030 _d14030 |
||